Cities Furthest Away from Their Capitals - Statistics

General Stats
  • This quiz has been taken 164 times
    162 since last reset
  • The average score is 9 of 15
Answer Stats
Capital Distance (km) Population (2015) City % Correct
Canberra 3095 1,751,000 Perth
96%
Ottawa 3549 2,273,000 Vancouver
95%
Pretoria 1307 3,812,000 Cape Town
83%
Islamabad 1146 22,123,000 Karachi
83%
Hanoi 1132 8,957,000 Ho Chi Minh City
82%
Washington DC 3928 5,929,000 San Francisco-San Jose
78%
Brasilia 1932 1,893,000 Manaus
60%
Mexico City 2299 1,968,000 Tijuana
60%
Beijing 2417 3,184,000 Urumqi
60%
Moscow 2822 1,486,000 Novosibirsk
54%
Kinshasa 1566 2,000,000 Lubumbashi
40%
Tokyo 1554 1,007,000 Naha
35%
Jakarta 1414 3,942,000 Medan
31%
New Delhi 2224 1,921,000 Thiruvananthapuram
9%
Manila 1044 1,579,000 General Santos
8%
No matching quizzes found
Score Distribution
Percent of People with Each Score
Percentile by Number Answered
Your Score History
You have not taken this quiz since the last reset